Performance of indigenous and exotic clones of rubber.1. Early growth performance of 13 clones (Record no. 64740)

MARC details
000 -LEADER
fixed length control field 01326nam a2200181Ia 4500
100 ## - MAIN ENTRY--AUTHOR NAME
Personal name Varghese Y A
245 #0 - TITLE STATEMENT
Title Performance of indigenous and exotic clones of rubber.1. Early growth performance of 13 clones
260 ## - PUBLICATION, DISTRIBUTION, ETC. (IMPRINT)
Name of publisher Placrosym XI,Calicut, India, 1994. Journal of Plantation Crops, 24 (Supplement); 396-402
Year of publication 1996
520 ## - SUMMARY, ETC.
Summary, etc Thirteen rubber clones of Indian, Malaysian and Chinese origin were evaluated for early growth performance for a period of four years. Clonal variation was studied, correlations worked out and components of variance, heritability and genetic advance estimated. The growth parameters revealed highly significant clonal difference indicating the existence of genetic variability among clones. On the basis of growth indices computed at 16 and 28 months of growth, RRII 118 is the most vigorous clone, followed by RRII 208, RRIM 600 and SCATC 88-13, in that order. Annual girth and annual increment were also the highest for RRII 118 and annual summer girth increment over three years was the highest in the Chinese clone Haiken 1, followed by SACTC 93-114 and RRII 118.
650 ## - SUBJECT ADDED ENTRY--TOPICAL TERM
Topical Term Growth
650 ## - SUBJECT ADDED ENTRY--TOPICAL TERM
Topical Term Rubber
700 ## - ADDED ENTRY--PERSONAL NAME
Personal name John A
700 ## - ADDED ENTRY--PERSONAL NAME
Personal name Panikkar A O N
700 ## - ADDED ENTRY--PERSONAL NAME
Personal name Saraswathyamma C K
700 ## - ADDED ENTRY--PERSONAL NAME
Personal name Sethuraj M R
942 ## - ADDED ENTRY ELEMENTS (KOHA)
Koha item type Journals
Holdings
Withdrawn status Lost status Damaged status Not for loan Home library Current library Shelving location Date acquired Koha item type
      Journals RRII Library RRII Library Botany 17/12/2021 Journals